000 00679nam a2200265Ia 4500
005 20260121165737.0
008 008 260114s9999 xx 000 0 eng d
020 _a9783319414300
037 _aEBOOK
040 _aCRL
040 _beng
040 _cCRL
041 _2eng
041 _aeng
084 _qCRL
100 _aHelmut P. Gaisbauer, Gottfried Schweiger, Clemens Sedmak
_91055485
245 0 _aEthical Issues in Poverty Alleviation
260 _bSpringer
260 _bSpringer
260 _c2016
856 _uhttps://link.springer.com/openurl?genre=book&isbn=978-3-319-41430-0
942 _cEBOOK
999 _c1621213
_d1621213